Biblioteca "Ernesto Sabato"
Facultad de Derecho y Ciencias Sociales
Facultad de Lenguas
Universidad Nacional del Comahue

El grupo humano (Record no. 12144)

MARC details
000 -CABECERA
campo de control de longitud fija 00614cam a22002172a 4500
001 - NÚMERO DE CONTROL
campo de control 006324
003 - IDENTIFICADOR DEL NÚMERO DE CONTROL
campo de control AR-FADEU
008 - DATOS DE LONGITUD FIJA--INFORMACIÓN GENERAL
campo de control de longitud fija 311216n1977####xxu####################dd
092 ## - ASIGNACIÓN LOCAL DE SIGNATURA TOPOGRÁFICA DEWEY (OCLC)
Número de clasificación 302.34
Número de documento/Ítem H763-5
Característica del encabezamiento BLYNK
100 ## - ENTRADA PRINCIPAL--NOMBRE DE PERSONA
Nombre de persona Homans, George C.
245 ## - MENCIÓN DE TÍTULO
Título El grupo humano
250 ## - MENCIÓN DE EDICIÓN
Mención de edición 5a. ed
260 ## - PUBLICACIÓN, DISTRIBUCIÓN, ETC. (PIE DE IMPRENTA)
Lugar de publicación, distribución, etc. Buenos Aires
260 ## - PUBLICACIÓN, DISTRIBUCIÓN, ETC. (PIE DE IMPRENTA)
Nombre del editor, distribuidor, etc. EUDEBA
260 ## - PUBLICACIÓN, DISTRIBUCIÓN, ETC. (PIE DE IMPRENTA)
Fecha de publicación, distribución, etc. 1977
300 ## - DESCRIPCIÓN FÍSICA
Extensión 497 p. : il
440 ## - MENCIÓN DE SERIE/PUNTO DE ACCESO ADICIONAL--TÍTULO
Título Biblioteca del Universitario, temas sociología
500 ## - NOTA GENERAL
Nota general Traducción: Mireya Reilly de Fayard -- Inv. 3481. BLYNK
650 ## - PUNTO DE ACCESO ADICIONAL DE MATERIA--TÉRMINO DE MATERIA
Término de materia o nombre geográfico como elemento inicial GRUPO; GRUPO-INDIVIDUO; CONTROL SOCIAL; LIDERAZGO/BLYNK/
942 ## - ELEMENTOS DE PUNTO DE ACCESO ADICIONAL (KOHA)
Tipo de ítem Koha BLYNK
Holdings
Estado de retiro Estado de pérdida Estado dañado No para préstamo Código de colección Localización permanente Ubicación/localización actual Ubicación en estantería Fecha de adquisición Número de inventario Total de préstamos Signatura topográfica completa Código de barras Fecha visto por última vez Precio válido a partir de Tipo de ítem Koha
        Biblioteca Natalio Kisnerman Biblioteca Ernesto Sabato - FADECS - UNCOMA Biblioteca Ernesto Sabato - FADECS - UNCOMA Biblioteca Natalio Kisnerman 21/02/2017 3481   302.34 H763-5 3481 21/02/2017 21/02/2017 BLYNK
        Biblioteca Natalio Kisnerman Biblioteca Ernesto Sabato - FADECS - UNCOMA Biblioteca Ernesto Sabato - FADECS - UNCOMA Biblioteca Natalio Kisnerman 21/02/2017 12928   302.34 H763-5 12928 21/02/2017 21/02/2017 BLYNK
Facultad de Derecho y Ciencias Sociales | Universidad Nacional del Comahue | Mendoza y Perú General Roca | Río Negro CP (8332) | Patagonia Argentina | Teléfono: 54-0298-4433670 | | Fax: 0298-4432093 | Fax alumnos: 0298-4435700